| 000 | 00990nam0a22002291i 4500 | ||
|---|---|---|---|
| 001 | rc\4760080 | ||
| 005 | 20240726021342.0 | ||
| 021 |
_aRU _b[65-102313] |
||
| 035 | _a(NLR Aleph) 008996505 | ||
| 090 |
_a9279839 _c9279839 |
||
| 100 | _a20130417d1966 |||y0rusy50 ca | ||
| 101 | 0 | _arus | |
| 102 | _aRU | ||
| 105 | _ay d ||||| | ||
| 200 | 1 |
_aЭкономические проблемы интенсификации сельскохозяйственного производства _e(На примере мясного животноводства) _eАвтореферат дис. на соискание учен. степени кандидата экон. наук _fАкад. обществ. наук при ЦК КПСС. Кафедра экон. наук |
|
| 210 |
_aМосква _cМысль _d1966 |
||
| 215 | _a16 с. | ||
| 700 | 1 |
_aЛубнев _bЮ.П. _gЮрий Павлович |
|
| 801 | 0 |
_aRU _bNLR _gpsbo |
|
| 801 | 1 |
_aRU _bELAR _2rusmarc |
|
| 852 |
_aNLR _j66-6/712 |
||
| 942 | _cBOOK | ||